NCAAM Basketball Logo Quiz: Horizon - Statistics

General Stats
  • This quiz has been taken 212 times
    85 since last reset
  • The average score is 8 of 11
Answer Stats
Picture Answer % Correct
Green Bay
93%
Youngstown St.
90%
Northern Kentucky
88%
Robert Morris
82%
Cleveland St.
75%
Detroit Mercy
73%
Oakland
72%
Milwaukee
60%
Purdue Fort Wayne
58%
Wright St.
58%
IU-Indianapolis
48%
No matching quizzes found
Score Distribution
Percent of People with Each Score
Percentile by Number Answered
Your Score History
You have not taken this quiz since the last reset